| 000 | 00791nam a2200253Ia 4500 | ||
|---|---|---|---|
| 003 | OSt | ||
| 005 | 20220930071553.0 | ||
| 006 | a|||||r|||| 00| 0 | ||
| 007 | ta | ||
| 008 | 220926b |||||||| |||| 00| 0 hin d | ||
| 024 | _a14739 | ||
| 037 | _cTheses | ||
| 040 |
_aCRL _cCRL _bhin |
||
| 041 |
_2hin _ahin |
||
| 100 |
_aAgnihotri Seema _9528632 |
||
| 110 | _aUniversity of Delhi. Faculty of Arts. Department of Sanskrit | ||
| 245 | 0 | _aAaranyako aur upnishado mein uplabadh aakhyano ka saanskritik adhyana | |
| 260 | _c1997 | ||
| 650 | _aSANSKRIT | ||
| 700 |
_a Dr Baldev Raj Sharma Supervisor _9528633 |
||
| 700 | _aUniversity of Delhi. Faculty of Arts. Department of Sanskrit | ||
| 942 |
_cDIS _2CC |
||
| 999 |
_c862493 _d862493 |
||